Ferrer, l'homme et son oeuvre, la mort (Record no. 113962)

MARC details
000 -LEADER
campo de control de longitud fija 00686nam a2200205 i 4500
001 - NÚMERO DE CONTROL
campo de control 113962
003 - IDENTIFICADOR DE NÚMERO DE CONTROL
campo de control ES-MaACL
005 - FECHA Y HORA DE LA ÚLTIMA TRANSACCIÓN
campo de control 20251209192506.0
007 - CAMPO FIJO DE DESCRIPCIÓN FÍSICA--INFORMACIÓN GENERAL
campo de control de longitud fija t|
008 - DATOS DE LONGITUD FIJA--INFORMACIÓN GENERAL
campo de control de longitud fija 061121s1909 fr r ||||1| fre d
100 1# - ENTRADA PRINCIPAL--NOMBRE DE PERSONA
Nombre de persona Normandy, Georges.
9 (RLIN) 85997
245 10 - MENCIÓN DEL TÍTULO
Título Ferrer, l'homme et son oeuvre, la mort
Resto del título : Castille contre Catalogne /
Mención de responsabilidad, etc. Georges Normandy, L. Lesueur ; Avant Propos de Alfred Naquet.
260 ## - PUBLICACIÓN, DISTRIBUCIÓN, ETC.
Lugar de publicación, distribución, etc. Paris :
Nombre del editor, distribuidor, etc. Albert Méricant,
Fecha de publicación, distribución, etc. 1909.
300 ## - DESCRIPCIÓN FÍSICA
Extensión 250 p., 7 lám. ;
Dimensiones 19 cm.
600 14 - PUNTO DE ACCESO ADICIONAL DE MATERIA--NOMBRE DE PERSONA
Nombre de persona Ferrer i Guàrdia, Francesc,
Fechas asociadas al nombre 1859-1909
9 (RLIN) 242588
700 1# - ENTRADA AGREGADA--NOMBRE PERSONAL
Nombre de persona Lesueur, L.
9 (RLIN) 71869
700 1# - ENTRADA AGREGADA--NOMBRE PERSONAL
Nombre de persona Naquet, Alfred.
9 (RLIN) 84918
852 ## - LOCALIZACIÓN
Ubicación ES-MaACL
Número de control de estantería G-13498
Holdings
Estatus retirado Estado de pérdida Estado de daño No para préstamo Biblioteca de origen Biblioteca actual Ubicación en estantería Fecha de adquisición Fuente de adquisición Total de préstamos Signatura topográfica completa Código de barras Visto por última vez Precio de reemplazo Tipo de ítem Koha
        Biblioteca del Ateneo de Madrid Biblioteca del Ateneo de Madrid Sala Pecera Planta 3 17/01/2008     G-13498 1118850 23/02/2023 23/02/2023 Libro impreso